Bogotá - Culture générale - Statistiques

Statistiques générales
  • Ce quiz a été pris 79 fois
  • Le résultat moyen est 9 sur 15
Statistiques - réponses
Information Réponse % Correct
Pays dont Bogotá est la capitale Colombie
99%
Religion pratiquée par l'immense majorité des habitants Catholicisme
91%
Métal précieux lié à l'histoire de la région et célébré dans un musée de la ville Or
88%
Chaine de montagnes sur laquelle la ville se trouve Andes (Cordillère Orientale)
85%
Série espagnole de braquage dans laquelle l'un des personnage s'appelle Bogota La casa de papel
85%
Sport dans lequel le Millonarios et l'Independentie Santa Fe se partagent 26 titres Football
82%
Deux lettres qui suivent le nom officiel de la ville (les mêmes qu'une autre capitale américaine) D.C. (Distrito Capital)
64%
Nom de l'aéroport de Bogota, faisant référence à une cité mythique qui regorgerait de trésors El Dorado
64%
Féculent que l'on trouve dans l'ajiaco une soupe typique de la ville Pomme de terre
56%
Général surnommé El Libertador, il entre triomphalement à Bogotá en 1819 Simón Bolívar
53%
Institutions culturelles très présentes dans la ville, au point qu'on la compare aux antiques Athènes ou Alexandrie Bibliothèque
45%
Empereur d'Autriche et d'Espagne qui accorda le titre de ville et des armoiries à Bogota en 1548 Charles Quint
36%
Royaume, nommé d'après une ville espagnole, dont Bogota a été la capitale pendant plusieurs siècles Nouvelle-{Grenade}
31%
Cycliste né à Bogota, qui devient en 2019 l'un des plus jeune vainqueur du Tour de France Egan Bernal
27%
Actuel président de la république et ancien maire de Bogota Gustavo Petro
24%
Aucun quiz correspondant
Distribution des résultats
% des personnes avec chaque résultat
Percentile par nombre de réponses
Votre historique - résultats
Vous n’avez pas pris ce quiz